Probabilidad y estadística para ingeniería y ciencias

Saved in:
Bibliografiske detaljer
Hovedforfatter: Debore, Jay L (Author)
Format: Bog
Sprog:spansk
Udgivet: Ciudad de México International Thomson 1998
Fag:
Tags: Tilføj Tag
Ingen Tags, Vær først til at tagge denne postø!

MARC

LEADER 00000nam a2200000 a 4500
001 UCO9374
003 CL-VaPUC
008 010302e19980000MX |||||||||||||||||spa|d
082 0 4 |a 519.5  |b DEV  |2 21 
100 0 |a Debore, Jay L  |e author  |9 454475 
245 1 0 |a Probabilidad y estadística para ingeniería y ciencias 
300 |a 720 p 
942 |c BK 
945 |d 20010302 00:00:00  |a vberengu 
260 |a Ciudad de México  |b International Thomson  |c 1998 
650 0 |a Estadística descriptiva  |9 366209 
650 0 |a Probabilidades   |9 260199 
650 0 |a Variables aleatorias   |9 270745 
650 7 |a DISTRIBUCION DE PROBABILIDADES  |2 CL-VaPUC  |9 454476 
650 7 |a PRUEBAS DE HIPOTESIS  |2 CL-VaPUC  |9 424773 
650 0 |a Análisis de varianza   |9 336938 
650 0 |a Regresión lineal   |9 362689 
650 7 |a CORRELACION  |2 CL-VaPUC  |9 454477 
650 0 |a Control de calidad   |9 259714 
583 |a last modification  |c 20010302 00:00:00  |k Rodrigo Vera 
999 |c 293588  |d 293586 
952 |0 0  |1 0  |4 0  |6 519_500000000000000_DEV_1998  |7 0  |8 A  |9 345213  |a BIBGIM  |b BIBGIM  |d 2019-11-20  |i 3682145  |o 519.5 DEV 1998  |p 3682145  |r 2025-01-15  |w 2019-11-20  |y BK  |k EST